Ciencias de la computación : lenguaje, traductores y aplicaciones

Bibliographic Details
Main Author: Tocci, Ronald J.
Format: Section = Libro
Language:Undetermined
Spanish
Published: México Prentice Hall 1993
Edition:5a.ed
Subjects:
LEADER 00580nam a2200205Ia 4500
008 240830s9999 xx 000 0 und d
020 |a 968-880-219-0 
040 |a B-ESTELÍ- RUACS / 001.642 P935 
041 |a spa 
082 |a 001.642 P935 
100 1 |a Tocci, Ronald J. 
245 1 0 |a Ciencias de la computación : lenguaje, traductores y aplicaciones 
250 |a 5a.ed 
260 |a México  |b Prentice Hall  |c 1993 
300 |a 823 p. : il. 
650 7 |a COMPUTADORAS DIGITALES 
650 7 |b  COMPUTADORAS AUTOMATICAS DIGITALES 
942 |c BK  |2 ddc 
991 |a TEXTO 
999 |c 10517